| 000 | 00457 a2200169 4500 | ||
|---|---|---|---|
| 001 | 79085 | ||
| 020 | _a9780070700123 | ||
| 082 | _a629.1323 AND | ||
| 090 |
_c39578 _d39578 |
||
| 100 | _aJohn D Anderson | ||
| 245 |
_aFundamentals of Aerodynamics Indian Edition (SI Units) 5th Edition _hEnglish |
||
| 250 | _a5 | ||
| 260 |
_aIndia _bTata Mcgraw Hill India _c2010 |
||
| 300 | _axxiv+1034p | ||
| 500 | _aDOS BS Reference Books | ||
| 505 | _aAHQ Books | ||
| 942 |
_aCAE NUST _k629.1323 AND |
||
| 999 |
_c314158 _d314158 |
||